MESTSKÁ KNIŽNICA GIRALTOVCE  - online katalóg 

Vybrané kapitoly zo sociológie pre sociálnych a charitatívnych pracovníkov a pracovníčky (Record no. 23971)

000 -NÁVESTIE
fixed length control field 01356nam a2200409 a 4500
001 - EVIDENČNÉ ČÍSLO ZÁZNAMU - Kontrolné číslo
control field vtls010035131
005 - DÁTUM A ČAS POSLEDNEJ TRANSAKCIE
control field 20251024080815.0
008 - ÚDAJE S PEVNOU DĹŽKOU – VŠEOBECNÉ INFORMÁCIE
fixed length control field 240318|2009 xo f 000 0 slo
020 ## - MEDZINÁRODNÉ ŠTANDARDNÉ ČÍSLO KNIHY (ISBN)
Medzinárodné štandardné číslo knihy (ISBN) 9788089392049
Qualifying information (brož.)
035 ## - Iný štandardný identifikátor
Iný štandardný identifikátor 69965365-59EC-4243-A76C-469A7344E2C8
035 ## - Iný štandardný identifikátor
Iný štandardný identifikátor urn:nbn:sk:snk-amjfiv
035 ## - Iný štandardný identifikátor
Iný štandardný identifikátor urn:nbn:sk:snk-am001z59
040 ## - ZDROJ KATALOGIZÁCIE
Pôvodná katalogizujúca agentúra HEVK
Jazyk katalogizácie slo
Prepisujúca agentúra HEVK
Modifikujúca agentúra SNK
Konvencie popisu AACR2
041 0# - KÓD JAZYKA
Kód jazyka textu/zvukovej stopy alebo samostatných nápisov slo
044 ## - KÓD KRAJINY VYDAVATEĽA/PRODUCENTA
Kód krajiny MARC xo
Kód krajiny ISO SK
072 #7 - KÓD PREDMETOVEJ KATEGÓRIE
Kód predmetovej kategórie 364-1/-7
Pododdiel kódu predmetovej kategórie Druhy sociálnej pomoci a služieb
Zdroj konspekt
080 ## - ČÍSLO MEDZINÁRODNÉHO DESATINNÉHO TRIEDENIA (MDT)
Číslo Medzinárodného desatinného triedenia (MDT) 316
Identifikátor vydania 2001
080 ## - ČÍSLO MEDZINÁRODNÉHO DESATINNÉHO TRIEDENIA (MDT)
Číslo Medzinárodného desatinného triedenia (MDT) 364-32
Identifikátor vydania 2001
080 ## - ČÍSLO MEDZINÁRODNÉHO DESATINNÉHO TRIEDENIA (MDT)
Číslo Medzinárodného desatinného triedenia (MDT) 364-43
Identifikátor vydania 2001
080 ## - ČÍSLO MEDZINÁRODNÉHO DESATINNÉHO TRIEDENIA (MDT)
Číslo Medzinárodného desatinného triedenia (MDT) (035)
Identifikátor vydania 2001
100 1# - OSOBNÉ MENÁ – VŠEOBECNÉ INFORMÁCIE
Osobné meno Balogová, Beáta,
Dátumy súvisiace s menom 1964-
Kód roly aut
-- 5084
245 10 - NÁZOV
Názov Vybrané kapitoly zo sociológie pre sociálnych a charitatívnych pracovníkov a pracovníčky
Údaj o zodpovednosti atď. Beáta Balogová
250 ## - ÚDAJ O PORADÍ VYDANIA
Údaj o poradí vydania 2. vyd.
260 ## - VYDAVATEĽSKÉ ÚDAJE, DISTRIBÚCIA ATĎ.
Miesto publikovania, distribúcie atď. Prešov
Názov vydavateľa, distibútora atď. Menta media
Dátum publikovania, distribúcie atď. 2009
300 ## - FYZICKÝ POPIS
Rozsah 75 s.
Rozmery 21 cm
650 07 - PRIDANÝ VSTUP – PREDMET – TEMATICKÉ HESLO
Tematické heslo alebo geografický názov ako vstupný prvok sociológia
Zdroj hesla alebo termínu SNKPH
-- 5085
650 07 - PRIDANÝ VSTUP – PREDMET – TEMATICKÉ HESLO
Tematické heslo alebo geografický názov ako vstupný prvok charitatívni pracovníci
Zdroj hesla alebo termínu SNKPH
-- 5086
650 07 - PRIDANÝ VSTUP – PREDMET – TEMATICKÉ HESLO
Tematické heslo alebo geografický názov ako vstupný prvok sociálni pracovníci
Zdroj hesla alebo termínu SNKPHeng
-- 5087
650 07 - PRIDANÝ VSTUP – PREDMET – TEMATICKÉ HESLO
Tematické heslo alebo geografický názov ako vstupný prvok Sociology
Zdroj hesla alebo termínu SNKPHeng
-- 5088
650 07 - PRIDANÝ VSTUP – PREDMET – TEMATICKÉ HESLO
Tematické heslo alebo geografický názov ako vstupný prvok Charity workers
Zdroj hesla alebo termínu SNKPHeng
-- 5089
650 07 - PRIDANÝ VSTUP – PREDMET – TEMATICKÉ HESLO
Tematické heslo alebo geografický názov ako vstupný prvok Social workers
Zdroj hesla alebo termínu SNKPHeng
-- 5090
655 07 - INDEXAČNÝ TERMÍN – ŽÁNER/FORMA
Údaje o žánri/forme alebo termín, ktorý je prvok fazety príručky
Zdroj termínu SNKPH
-- 1541
655 07 - INDEXAČNÝ TERMÍN – ŽÁNER/FORMA
Údaje o žánri/forme alebo termín, ktorý je prvok fazety Handbooks, manuals, etc.
Zdroj termínu SNKPHeng
-- 1630
958 ## - Formálny deskriptor
Formálny deskriptor NB
958 ## - Formálny deskriptor
Formálny deskriptor OND
Holdings
Stav stiahnutia (Blokovanie) (Withrawn status) Stav straty Zdroj klasifikácie pre skladovanie Stav poškodenia (Damaged status) Nie pre výpožičky (Not for loan) Spôsob nadobudnutia (Collection code) Trvalé umiestnenie Aktuálne umiestnenie Dátum nadobudnutia Inventárne číslo (prírastkové číslo) Full call number Čiarový kód Dátum posledného výskytu Cena s účinnosťou od Typ jednotky Koha
          Dar Mestská knižnica Giraltovce Mestská knižnica Giraltovce 2025-10-24 22327 S1599 S1599 2025-10-24 2025-10-24 Odborná literatúra pre dospelých

Powered by Koha